000 00355nam a2200157Ia 4500
005 20250411061108.0
008 240331s9999 xx 000 0 und d
020 _a9555732701
082 _bRAN
_a891
100 _aRanatunge,S
245 0 _aAs deka
260 _aNugegoda
_bSarasavi Book shop
_c2004
300 _a318 p .,
650 _aNovel
942 _cL
999 _c4937
_d4937